| 000 | 00541nam a22002177a 4500 | ||
|---|---|---|---|
| 999 |
_c459328 _d459328 |
||
| 001 | 216218499 | ||
| 003 | UA-OsUOA | ||
| 005 | 20200527101125.0 | ||
| 008 | 200527b un ||||| |||| 00| 0 ukr d | ||
| 040 |
_aUA-OsUOA _bukr _cUA-OsUOA _dUA-OsUOA |
||
| 041 | _aukr | ||
| 080 | _a82.09(477) | ||
| 090 |
_a82.09(477) _bЖ74 |
||
| 100 | _aЖитник В. К | ||
| 245 |
_aПоезія Антоніна Сови _cВ. К. Житник |
||
| 260 |
_aКиїв _c1975 |
||
| 300 | _a162 с. | ||
| 650 | _282 | ||
| 942 |
_2udc _cBK |
||
| 955 | _a1 | ||